000 00623nam a2200229Ia 4500
005 20241216011125.0
008 190212s9999||||xx |||||||||||||| ||und||
020 _a84-7114-267-8
082 _a639.99
_bP54
100 _aPIERIK, R. L. M.
245 0 _aCULTIVO IN VITRO DE LAS PLANTAS SUPERIORES
250 _a0
260 _aMADRID
_bMUNDI - PRENSA
_c1990
300 _a326 pag
_c24 cm
341 _h0
490 _v0
_a0
505 _aLABORATORIO-MEDIOS NUTRITIVOS/CULTIVO EMBRIONES-VEGETACION
541 _aC
_d18-Jun-97
_oSoles
650 _aCIENCIAS APLICADAS
856 _zCiencias Aplicadas
942 _cLIBRO
999 _c33299
_d33299